| 000 | 00977nam a2200181Ia 4500 | ||
|---|---|---|---|
| 008 | 100921s9999 xx 000 0 und d | ||
| 082 |
_b3234 _a920-2 थ 33 |
||
| 100 | _aपटवर्धन सीताराम पुरूषोत्तम.अनु. | ||
| 245 | _aम. गांधींचे सत्याचे प्रयोग अथवा आत्मकथा.भाग 1. | ||
| 260 |
_bसुलभ राष्ट्रीय ग्रंथमाला,पुणे. _c1933 |
||
| 300 |
_a315 _b--- |
||
| 365 | _b1 | ||
| 520 | _aचरित्र व कार्य-गांधीजी. | ||
| 630 | _aम. गांधींचे सत्याचे प्रयोग अथवा आत्मकथा.भाग 1. | ||
| 650 | _aचरित्र व कार्य-गांधीजी. | ||
| 730 | _aम. गांधींचे सत्याचे प्रयोग अथवा आत्मकथा.भाग 1. | ||
| 942 | _cBOOK | ||
| 999 |
_c752347 _d752344 |
||